00664cam a22002411 4500001001300000003000400013005001700017008004100034010001700075035002000092040001800112042001200130043001200142050001500154100004100169245006400210260001100274300004500285500001400330504003200344650002900376999001700405sa 66001429 DLC20260227112222.0890911s1965 ii bf b 000 0 hino  asa 66001429  a(OCoLC)20324554 aDLCcWaUdDLC apremarc aa-ii---00aDS425b.R61 aRāya, Udaya Nārāyaṇa,d1928-10aPrācīna Bhārata meṃ nagara tathā nagara-jīvana. c[1965] a16, 389, 20 p.b34 plates, maps.c23 cm. aIn Hindi. aBibliography: p. [380]-389. 0aCities and townszIndia. c67805d67805